SCP's 1-100 With 001 Entries - Statistics

General Stats
  • This quiz has been taken 23 times
  • The average score is 19 of 161
Answer Stats
Hint Answer % Correct
SCP-001 (IV) When Day Breaks
81%
SCP-096 The "Shy Guy"
69%
SCP-049 Plague Doctor
63%
SCP-001 (V) The Scarlet King
56%
SCP-001 (I) The Gate Guardian
44%
SCP-001 (I) The Factory
38%
SCP-076 Able
31%
SCP-073 Cain
31%
SCP-035 Possessive Mask
31%
SCP-002 The "Living" Room
31%
SCP-012 A Bad Composition
25%
SCP-032 Brothers' Bride
25%
SCP-079 Old AI
25%
SCP-009 Red Ice
25%
SCP-008 Zombie Plague
25%
SCP-003 Biological Motherboard
19%
SCP-013 Blue Lady Cigarettes
19%
SCP-001 (V) Dead Men
19%
SCP-066 Eric's Toy
19%
SCP-006 Fountain of Youth
19%
SCP-001 (VI) Keter Duty
19%
SCP-001 (V) O5-13
19%
SCP-005 Skeleton Key
19%
SCP-001 (I) The Lock
19%
SCP-001 (I) The Prototype
19%
SCP-001 (V) The World's Gone Beautiful
19%
SCP-007 Abdominal Planet
13%
SCP-056 A Beautiful Person
13%
SCP-001 (V) A Good Boy
13%
SCP-001 (V) A Simple Toymaker
13%
SCP-001 (General) Awaiting De-classification
13%
SCP-029 Daughter of Shadows
13%
SCP-037 Dwarf Star
13%
SCP-040 Evolution's Child
13%
SCP-024 Game Show of Death
13%
SCP-070 Iron Wings
13%
SCP-100 "Jamaican Joe's Junkyard Jubilee"
13%
SCP-028 Knowledge
13%
SCP-039 Monkey Brain
13%
SCP-091 Nostalgia
13%
SCP-001 (III) Ouroboros
13%
SCP-015 Pipe Nightmare
13%
SCP-001 (V) Project Palisade
13%
SCP-011 Sentient Civil War Memorial Statue
13%
SCP-017 Shadow Person
13%
SCP-001 (I) Sheaf of Papers
13%
SCP-084 Static Tower
13%
SCP-018 Super Ball
13%
SCP-098 Surgeon Crabs
13%
SCP-043 The Beatle
13%
SCP-001 (II) The Database
13%
SCP-001 (II) The Foundation
13%
SCP-001 (VII) The Frontispiece
13%
SCP-099 The Portrait
13%
SCP-001 (I) The Spiral Path
13%
SCP-087 The Stairwell
13%
SCP-027 The Vermin God
13%
SCP-001 (II) Thirty-Six
13%
SCP-055 [unknown]
13%
SCP-054 Water Nymph
13%
SCP-031 What is Love?
13%
SCP-053 Young Girl
13%
SCP-042 A Formerly Winged Horse
6%
SCP-026 Afterschool Retention
6%
SCP-001 (VII) AMONI-RAM
6%
SCP-083 An Abandoned Row Home
6%
SCP-090 Apocorubik's Cube
6%
SCP-001 (IX) A Portrait Of Hell
6%
SCP-001 (III) A Record
6%
SCP-001 (IX) Arsène Lupin and the Foundation Affair
6%
SCP-001 (VI) A Test of Character
6%
SCP-045 Atmospheric Converter
6%
SCP-001 (IX) Atychiphobia (Family Life)
6%
SCP-061 Auditory Mind Control
6%
SCP-025 A Well-Worn Wardrobe
6%
SCP-001 (IX) BLACK ADYTUM
6%
SCP-023 Black Shuck
6%
SCP-001 (X) Chodeworld
6%
SCP-010 Collars of Control
6%
SCP-075 Corrosive Snail
6%
SCP-080 Dark Form
6%
SCP-071 Degenerative Metamorphic Entity
6%
SCP-065 Destroyed Organic Catalyst
6%
SCP-001 (VIII) Ethical considerations with regards to the former inhabitants of 81 Galatine Two and Secace Epsilon Seven, colloquially known as the Sword Stars.
6%
SCP-001 (IX) Exit Stage Left
6%
SCP-082 Fernand the Cannibal
6%
SCP-001 (V) Fishhook
6%
SCP-064 Flawed von Neumann Structure
6%
SCP-001 (IV) God's Blind Spot
6%
SCP-078 Guilt
6%
SCP-085 Hand-drawn "Cassy"
6%
SCP-058 Heart of Darkness
6%
SCP-060 Infernal Occult Skeleton
6%
SCP-051 Japanese Obstetrical Model
6%
SCP-001 (VIII) Last Ride of the Day
6%
SCP-001 (VIII) MAMJUL & KORAR
6%
SCP-001 (VI) MEMENTO MORI
6%
SCP-047 Microbial Mutagen
6%
SCP-094 Miniature Event Horizon
6%
SCP-001 (IV) Normalcy
6%
SCP-034 Obsidian Ritual Knife
6%
SCP-097 Old Fairgrounds
6%
SCP-046 Predatory Holly Bush
6%
SCP-062 Quantum Computer
6%
SCP-074 Quantum Woodlouse
6%
SCP-059 Radioactive Mineral
6%
SCP-001 (VIII) R¦A¦G¦E
6%
SCP-093 Red Sea Object
6%
SCP-077 Rot Skull
6%
SCP-069 Second Chance
6%
SCP-016 Sentient Micro-Organism
6%
SCP-021 Skin Wyrm
6%
SCP-081 Spontaneous Combustion Virus
6%
SCP-001 (V) Story of Your Life
6%
SCP-004 The 12 Rusty Keys and the Door
6%
SCP-067 The Artist's Pen
6%
SCP-095 The Atomic Adventures of Ronnie Ray-Gun
6%
SCP-092 "The Best of The 5th Dimension"
6%
SCP-001 (VI) The Black Moon
6%
SCP-014 The Concrete Man
6%
SCP-001 (III) The Consensus
6%
SCP-001 (IX) The Conspiracy
6%
SCP-048 The Cursed SCP Number
6%
SCP-057 The Daily Grind
6%
SCP-038 The Everything Tree
6%
SCP-072 The Foot of the Bed
6%
SCP-030 The Homunculus
6%
SCP-001 (VIII) [the] [HUMAN!] [element?]
6%
SCP-001 (II) The Legacy
6%
SCP-088 The Lizard King
6%
SCP-001 (V) The Mementos
6%
SCP-033 The Missing Number
6%
SCP-019 The Monster Pot
6%
SCP-022 The Morgue
6%
SCP-086 The Office of Dr. [REDACTED]
6%
SCP-001 (VIII) The Ones That Got Away
6%
SCP-001 (IX) The Piper at the Gates of Dawn
6%
SCP-001 (VI) The Placeholder
6%
SCP-001 (VIII) The Problem
6%
SCP-001 (X) The Progress
6%
SCP-001 (VII) The Queen's Gambit
6%
SCP-036 The Reincarnation Pilgrimage of the Yazidi
6%
SCP-001 (V) The Sky above the Port
6%
SCP-001 (V) The Solution
6%
SCP-001 (IX) The Stillborn City
6%
SCP-001 (VIII) The Throne of God
6%
SCP-068 The Wire Figure
6%
SCP-001 (V) The World at Large
6%
SCP-063 The World's Best TothBrush
6%
SCP-041 Thought-Broadcasting Patient
6%
SCP-001 (IX) Three Little Piggies
6%
SCP-052 Time-Traveling Train
6%
SCP-001 (V) Tindalos Trinity
6%
SCP-089 Tophet
6%
SCP-050 To The Cleverest
6%
SCP-001 (IX) Touching Eternity
6%
SCP-020 Unseen Mold
6%
SCP-001 (VI) You Are The Anomaly, Tumor Of The Worlds
6%
SCP-001 (IX) You've Been Awfully Quiet
6%
SCP-001 (X) Project SEXTANIK
0%
SCP-044 Word War II Era Molecular-Fission Cannon
0%
No matching quizzes found
Score Distribution
Percent of People with Each Score
Percentile by Number Answered
Your Score History
You have not taken this quiz